00640 2200241 4500001002100000005001500021035002000036245009500056100001100151250000600162300003500168700001900203260003200222082000800254084001400262020002200276650001500298990001700313990001700330990001700347990001700364990001700381INLIS00000000000009920180825030303 a0010-08180000631 aMatematika dalam Pengukuran :bMempelajari Kecepatan /cMuklis; Ilustrator, Rahmat Isnaini0 aMuklis a- aiv, 52 hlm. :bilus. ;c21 cm.0 aRahmat Isnaini aSurabaya :bJP Books,c2009 a510 a510 MUK m a978-979-1490-87-0 aMatematika a00416/H/2018 a00417/H/2018 a00418/H/2018 a00419/H/2018 a00420/H/2018